| 000 | 01330nam0a2200301 4500 | ||
|---|---|---|---|
| 001 | RU\NLR\bibl\456890 | ||
| 005 | 20250623183015.0 | ||
| 010 |
_a5-221-00025-3 _9500 |
||
| 035 | _a(NLR Aleph) 000450412 | ||
| 090 |
_a870346 _c870346 |
||
| 100 | _a20031110d1997 |||y0rusy50 ca | ||
| 101 | 0 | _arus | |
| 102 | _aRU | ||
| 105 | _aa ||||||||| | ||
| 200 | 1 |
_aПроцессы нагрева и очистки поверхности металлов в электролите и их практическое использование _fК.И. Еретнов, С.В. Лебедев |
|
| 210 |
_aЛипецк _cЛипец. изд-во Госкомпечати РФ _d1997 |
||
| 215 |
_a151,[1] с. _cил. _d20 |
||
| 313 | _aСварка, пайка, прокатка, химико-термическая обработка ит.д. | ||
| 320 | _aБиблиогр.: с. 140-150 (205 назв.) | ||
| 606 | 0 |
_aЭлектрохимическая обработка металлов _91054885 _3RU\NLR\auth\6690134 |
|
| 606 | 0 |
_aМеталлы _xЭлектрохимическая обработка _92089069 _3RU\NLR\auth\661264631 |
|
| 686 | _aК554 | ||
| 700 | 1 |
_aЕретнов _bК. И. _4070 |
|
| 701 | 1 |
_aЛебедев _bС. В. _4070 |
|
| 801 | 0 |
_aRU _bNLR _c20031110 _gPSBO |
|
| 801 | 1 |
_aRU _bNLR _c20031110 |
|
| 942 | _cBOOK | ||
| 980 | _aNB | ||